Tables annuelles de constantes et données numériques ; 21 Volume XII. Chapitres 10-11.

Guardado en:
Autor Principal: Guéron, J.
Formato: Libro
Idioma:French
Publicado: Paris : Hermann, 1937.
Etiquetas: Agregar Etiqueta
Sin Etiquetas, Sea el primero en etiquetar este registro!
LEADER 00717nam a22001695a 4500
001 EEA.libagro009573
005 20180607125245.0
008 130809s1937####fr#a##########000#0#fre#d
082 0 4 |a 502.12 
100 1 |a Guéron, J. 
245 0 0 |a Tables annuelles de constantes et données numériques ;  |b 21  |f (1935-1936).  |n Volume XII. Chapitres 10-11. 
246 1 |a Annual tables of constants and numerical data 
246 1 |a Free energy, heat content, entropy, activity 
260 |a Paris :  |b Hermann,  |c 1937. 
300 |a 1 v. (en varias paginaciones) :  |b il. ;  |c 25 cm. 
505 0 |a Énergie libre, chaleur totale, entropie, activité / par J. Guéron et J. P. Mathieu 
859 |a AR-BbBCA  |b BIB. AGRONOMIA  |h 502.12  |i T113-1  |p 1960/0096ac  |v 21  |3 21